000 00433nam a2200181Ia 4500
001 2638
005 20260306144821.0
008 260306t2015||||xx |||||||||||||| ||spa||
041 _aESP
082 _a618.928
_bE65
100 _aEnseñat Cantallops, Antonia
_eAUT
245 0 _aNeuropsicología pediátrica
260 _c2015
300 _a297 páginas :
_c23 cm.
650 _aGEN
654 _aCPS
942 _cLIB
_dJUS
_fJUS
_2ddc
_n
999 _c2638
_d2638